National Crime Victimization Survey: Validation of State-Level Estimates

Saved in:  
Bibliographic Details
Authors: Moore, Andrew (Author) ; Krebs, Chris (Author) ; Trotta, Marissa (Author) ; Berzofsky, Marcus (Author) ; Zimmer, Stephanie (Author)
Format: Electronic Article
Language:English
Published: RTI International 2023
In:Enthalten in: RTI Project Number 0217713.000.006.003
Online Access: Volltext (lizenzpflichtig)
Check availability: HBZ Gateway

MARC

LEADER 00000caa a22000002c 4500
001 1912629917
003 DE-627
005 20250111055111.0
007 cr uuu---uuuuu
008 241217s2023 xx |||||o 00| ||eng c
035 |a (DE-627)1912629917 
035 |a (DE-599)KXP1912629917 
040 |a DE-627  |b ger  |c DE-627  |e rda 
041 |a eng 
084 |a 2,1  |2 ssgn 
100 1 |a Moore, Andrew  |e VerfasserIn  |4 aut 
245 1 0 |a National Crime Victimization Survey: Validation of State-Level Estimates 
264 1 |b RTI International  |c 2023 
336 |a Text  |b txt  |2 rdacontent 
337 |a Computermedien  |b c  |2 rdamedia 
338 |a Online-Ressource  |b cr  |2 rdacarrier 
700 1 |a Krebs, Chris  |e VerfasserIn  |4 aut 
700 1 |a Trotta, Marissa  |e VerfasserIn  |4 aut 
700 1 |a Berzofsky, Marcus  |e VerfasserIn  |4 aut 
700 1 |a Zimmer, Stephanie  |e VerfasserIn  |4 aut 
773 0 8 |i Enthalten in  |t RTI Project Number 0217713.000.006.003 
787 0 8 |i Forschungsdaten  |a USA. Bureau of Justice Statistics  |t National Crime Victimization Survey, (United States), 2019  |d [Erscheinungsort nicht ermittelbar] : [Verlag nicht ermittelbar], 2020  |w (DE-627)1840038934 
787 0 8 |i Forschungsdaten  |a USA. Bureau of Justice Statistics  |t National Crime Victimization Survey, (United States), 2018  |d [Erscheinungsort nicht ermittelbar] : [Verlag nicht ermittelbar], 2020  |w (DE-627)1840039434 
787 0 8 |i Forschungsdaten  |a USA. Bureau of Justice Statistics  |t National Crime Victimization Survey, (United States), 2017  |d [Erscheinungsort nicht ermittelbar] : [Verlag nicht ermittelbar], 2019  |w (DE-627)1840039353 
856 4 0 |u https://www.ojp.gov/pdffiles1/bjs/grants/305403.pdf  |q application/pdf  |x Verlag  |z lizenzpflichtig  |3 Volltext  |7 1 
935 |a mkri 
951 |a AR 
ELC |a 1 
LOK |0 000 xxxxxcx a22 zn 4500 
LOK |0 001 4637595436 
LOK |0 003 DE-627 
LOK |0 004 1912629917 
LOK |0 005 20241217044730 
LOK |0 008 241217||||||||||||||||ger||||||| 
LOK |0 035   |a (DE-2619)ICPSR167509 
LOK |0 040   |a DE-2619  |c DE-627  |d DE-2619 
LOK |0 092   |o n 
LOK |0 852   |a DE-2619 
LOK |0 852 1  |9 00 
LOK |0 935   |a uvkn  |a nacp 
LOK |0 939   |a 17-12-24  |b l01 
ORI |a SA-MARC-krimdoka001.raw